00581nam a2200133 a 450000100100000000500170001000800410002704000250006824501810009326000850027430000360035950400260039570000260042100002777520200930031103.0110404s1992 dr ad 000 0 spa d aDO-SdBNPbspacBNPHU00aPrimer diagnóstico de la situación de la protección radiológica en los centros médicos del Distrito Nacional. Santo Domingo, 1990 /cCarlos Amoros Báez...[et. al ]. aSanto Domingo :bOrganización Panamericana de la Salud,c1992.fEditora Taller a80 p. :bil., gráf. ;c28 cm. aBibliografía: p. 771 aAmoros Báez, Carlos